| 000 -LEADER |
| fixed length control field |
00493nam a22001817a 4500 |
| 008 - FIXED-LENGTH DATA ELEMENTS--GENERAL INFORMATION |
| fixed length control field |
131009b xxu||||| |||| 00| 0 ger d |
| 020 ## - INTERNATIONAL STANDARD BOOK NUMBER |
| International Standard Book Number |
3492007392 |
| 041 0# - LANGUAGE CODE |
| Language code of text/sound track or separate title |
ger |
| 080 ## - UNIVERSAL DECIMAL CLASSIFICATION NUMBER |
| Universal Decimal Classification number |
101.1 |
| 100 1# - Rafti |
| Rafti |
Bohnet, Heidi |
| 245 10 - TITLE STATEMENT |
| Title |
Denkanstösse'86 |
| Statement of responsibility, etc |
Heidi Bohnet |
| 260 ## - |
| -- |
München : |
| -- |
Zürich : |
| -- |
Piper ; |
| -- |
1985 |
| 300 ## - |
| -- |
159 f. : |
| -- |
19 cm. |
| 650 #0 - |
| -- |
Filozofia |
| 650 #0 - |
| -- |
Natyra |
| 650 #0 - |
| -- |
Njeriu |
| 942 ## - ADDED ENTRY ELEMENTS (KOHA) |
| Source of classification or shelving scheme |
|
| Item type |
Books |